Lucius Fox - Portrayals by Picture - Statistics

General Stats
  • This quiz has been taken 7 times
  • The average score is 2 of 14
Answer Stats
Picture Answer % Correct
Morgan Freeman
100%
Chris Chalk
50%
Brock Peters
17%
Dave Fennoy
17%
Dave Fennoy
17%
Ernie Hudson
17%
Mel Winkler
17%
Domonique Adam
0%
Louis Gossett Jr.
0%
Peter Jay Fernandez
0%
Phil LaMarr
0%
Phil LaMarr
0%
Phil LaMarr
0%
Simon Manyonda
0%
No matching quizzes found
Score Distribution
Percent of People with Each Score
Percentile by Number Answered
Your Score History
You have not taken this quiz